00711nam a2200169Ia 4500008004100000100002300041245020600064245004100270260005900311260000900370300001100379650001800390650001500408856002600423999001900449952007300468170221s9999 xx 000 0 und d aRita Espanha Tiago aOpen Access and Multilingual Approach to Communication Journals – The case and the editor’s perspective of Observatorio (OBS*) Journal and the importance of Open Science for the Knowledge Society  cRita Espanha Tiago, Lima Quintanilha bOnline Journal of Communication and Media Technologies c2015 a4 : S3 xCommunication xMedia Arts uhttp://www.ojcmt.net/ c313050d313050 001040aCLbCLd2017-02-21l0r2017-02-21 00:00:00w2017-02-21yFOJ